Aviso importante á las Cortes y al Gobierno. (Record no. 151643)

MARC details
000 -LEADER
campo de control de longitud fija 00508nam a2200157 i 4500
001 - NÚMERO DE CONTROL
campo de control 151643
003 - IDENTIFICADOR DE NÚMERO DE CONTROL
campo de control ES-MaACL
005 - FECHA Y HORA DE LA ÚLTIMA TRANSACCIÓN
campo de control 20230906204317.0
008 - DATOS DE LONGITUD FIJA--INFORMACIÓN GENERAL
campo de control de longitud fija 931025s1840 sp |||| | spa d
245 00 - MENCIÓN DEL TÍTULO
Título Aviso importante á las Cortes y al Gobierno.
260 ## - PUBLICACIÓN, DISTRIBUCIÓN, ETC.
Lugar de publicación, distribución, etc. Barcelona :
Nombre del editor, distribuidor, etc. [s.n.],
Fecha de publicación, distribución, etc. 1840 (
Fabricante Imp. de Borell)
300 ## - DESCRIPCIÓN FÍSICA
Extensión 32 p. ;
Dimensiones 16 cm.
700 01 - ENTRADA AGREGADA--NOMBRE PERSONAL
Nombre de persona Borell,
Término indicativo de función/relación
9 (RLIN) 126085
752 ## - ENTRADA AGREGADA--NOMBRE JERÁRQUICO DEL LUGAR
País o entidad superior España -
Ciudad Barcelona
852 ## - LOCALIZACIÓN
Ubicación ES-MaACL
Número de control de estantería D-3835(4)
Nota libre -- Enc. piel verde
-- -- Legado de Modesto de la Fuente
Holdings
Estatus retirado Estado de pérdida Estado de daño No para préstamo Colección Biblioteca de origen Biblioteca actual Ubicación en estantería Fecha de adquisición Fuente de adquisición Total de préstamos Signatura topográfica completa Código de barras Visto por última vez Precio de reemplazo Tipo de ítem Koha
        Libros del s. XIX Biblioteca del Ateneo de Madrid Biblioteca del Ateneo de Madrid Sala Valle Inclán 17/01/2008     D-3835(4) 901158252 23/02/2023 23/02/2023 Libro impreso antiguo